Atención social de personas con discapacidad : (Record no. 175290)

MARC details
000 -CABECERA
campo de control de longitud fija 00712nam a2200217 a 4500
005 - FECHA Y HORA DE LA ÚLTIMA TRANSACCIÓN
campo de control 20241109063732.0
008 - ELEMENTOS DE LONGITUD FIJA--INFORMACIÓN GENERAL
campo de control de longitud fija 150506s2012 mx r 000 0 spa d
020 ## - NÚMERO INTERNACIONAL NORMALIZADO PARA LIBROS
Número Internacional Estándar del Libro 9789871851027
035 ## - NÚMERO DE CONTROL DEL SISTEMA
Número de control de sistema UPN01000203189
049 ## - COLECCIÓN
Colección CG
050 #4 - SIGNATURA TOPOGRÁFICA DE LA BIBLIOTECA DEL CONGRESO
Número de clasificación HV1568
Número de documento/Ítem A8.3
245 00 - MENCIÓN DE TÍTULO
Título Atención social de personas con discapacidad :
Resto del título hacia un enfoque de derechos humanos /
Mención de responsabilidad, etc. coord. Esther Raya Diez.
260 ## - PUBLICACIÓN, DISTRIBUCIÓN, ETC.
Lugar de publicación, distribución, etc. Buenos Aires :
Nombre del editor, distribuidor, etc. Lumen-Hvmanitas,
Fecha de publicación, distribución, etc. 2012.
300 ## - DESCRIPCIÓN FÍSICA
Extensión 223 p. :
Otras características físicas gráfs., tablas
650 #0 - ASIENTO SECUNDARIO DE MATERIA - TERMINO TEMATICO
Término de materia o nombre geográfico como elemento de entrada Personas con discapacidad
Subdivisión general Condiciones sociales
9 (RLIN) 6562
650 #4 - ASIENTO SECUNDARIO DE MATERIA - TERMINO TEMATICO
Término de materia o nombre geográfico como elemento de entrada Derechos humanos
9 (RLIN) 5797
650 #4 - ASIENTO SECUNDARIO DE MATERIA - TERMINO TEMATICO
Término de materia o nombre geográfico como elemento de entrada Trabajo social
9 (RLIN) 6125
700 1# - ASIENTO SECUNDARIO--NOMBRE DE PERSONAL
Nombre de persona Raya Diez, Esther,
Término indicativo de función/relación coord.
905 ## - TIPO DE MATERIAL
Tipo de material Libro
Holdings
Estado de retiro Estado de pérdida Fuente del sistema de clasificación o colocación Estado dañado No para préstamo Código de colección Localización permanente Ubicación/localización actual Ubicación en estantería Fecha de adquisición Total de préstamos Clasificación Código de barras Fecha visto por última vez Fecha del último préstamo Número de copia Tipo de ítem Koha Renovaciones totales
    Library of Congress Classification     Colección General Bib. Gregorio Torres Quintero Bib. Gregorio Torres Quintero Planta baja 21/01/2023 3 HV1568 A8.3 304092 21/01/2023 21/01/2023 1 Libro  
    Library of Congress Classification     Colección General Bib. Gregorio Torres Quintero Bib. Gregorio Torres Quintero Planta baja 06/10/2022 6 HV1568 A8.3 304093 08/05/2023 24/04/2023 1 Libro 2